Instagram Follower der Vereine der 2. Bundesliga 2021/22 - Statistiken

Allgemein
  • Dieses Quiz wurde 82 mal gespielt
  • Das Durchschnittsergebnis liegt bei 11 aus 18
Antwortstatistiken
Follower Antwort % Korrekt
413.000 Hamburger SV
99%
1.100.000 FC Schalke 04
97%
399.000 Werder Bremen
90%
258.000 FC St. Pauli
73%
35.300 SV Sandhausen
66%
156.000 1. FC Nürnberg
60%
41.600 FC Erzgebirge Aue
58%
70.300 Holstein Kiel
55%
42.700 1. FC Heidenheim
54%
130.000 Fortuna Düsseldorf
54%
117.000 SG Dynamo Dresden
54%
169.000 Hannover 96
51%
103.000 Hansa Rostock
51%
71.100 SV Darmstadt 98
46%
64.400 SC Paderborn 07
43%
87.000 Karlsruher SC
42%
48.900 SSV Jahn Regensburg
37%
94.700 FC Ingolstadt 04
33%
Keine übereinstimmenden Quizze gefunden
Verteilung der Resultate
Anzahl Personen mit jedem Resultat
Perzentil nach korrekt beantworteten Fragen
Ihre Resultats-Entwicklung
Sie haben dieses Quiz noch nicht gespielt